| 000 | 00474cam a2200193ua 4500 | ||
|---|---|---|---|
| 001 | 3152 | ||
| 005 | 20260515113636.0 | ||
| 008 | 110929n ii |||gr||||Z||||||asm | ||
| 040 | _cMAIN | ||
| 082 | _a891.4513 | ||
| 100 | 1 |
_aChoudhury, Rabin, _eAuthor. |
|
| 245 | 1 | 1 |
_aDui nadir dupare _cby Rabin Choudhury |
| 250 | _a2nd. | ||
| 260 |
_aGuahati: _bLawyers book stall,989. |
||
| 300 |
_a87p: _c23cm. |
||
| 653 | _aAssamese novel | ||
| 653 | _aDui nadir dupare | ||
| 942 | _cBK | ||
| 999 |
_c2996 _d2996 |
||